[Event "EU-ch 3rd"]
[Site "Batumi"]
[Date "2002.06.13"]
[Round "2"]
[White "Milov, Vadim"]
[Black "Malakhatko, Vadim"]
[Result "1-0"]
[WhiteElo "2606"]
[BlackElo "2517"]
[Annotator "Milov,V"]
[PlyCount "77"]
[EventDate "2002.06.12"]
[EventType "swiss"]
[EventRounds "13"]
[EventCountry "GEO"]
[SourceTitle "CBM 090"]
[Source "ChessBase"]
[SourceDate "2002.09.20"]
[SourceVersion "1"]
[SourceVersionDate "2002.09.20"]
[SourceQuality "1"]

1. d4 d5 2. c4 e6 3. Nc3 Be7 4. cxd5 exd5 5. Bf4 c6 6. e3 Bf5 7. Nge2 {the
idea behind this move is to chase the black light-squared bishop and to gain
the initiative in the centre and on the kingside but in comparison to 7.g4
variation, White is not weakening itself yet.} (7. g4 {is more popular but as
the latest game show, White has nothing special there either, for example:} Be6
8. h4 Nd7 9. h5 Nh6 10. Be2 Nb6 11. Nh3 $2 {Dieser Zug erlaubt Schwarz eine
sehr schnelle Figurenaktivierung und gilt deswegen seit langem als riskant.
Sicherer ist das prophylaktische 11.Rc1.} (11. Rc1 {Dautov} Bd6 (11... Nc4 12.
Bxc4 dxc4 13. Bxh6 gxh6 $13 {Kasparov}) 12. Nh3 Bxf4 13. Nxf4 Bd7 $14 14. Rg1
g5 15. hxg6 hxg6 16. Kd2 Qe7 17. b3 g5 18. Nd3 O-O-O 19. Rh1 f6 20. Qg1 $14 {
Kasparov,G-Karpov,A/Moscow 1985}) 11... g5 $1 12. hxg6 (12. Be5 {Dautov} f6 13.
Bg3 Qd7 14. f3 f5 $15) 12... hxg6 {Schwarz plant g6-g5, Qd7 und 0-0-0.} 13. f3
Bh4+ 14. Nf2 $146 {Eine Neuerung, die jedoch die Stellungseinschätzung nicht
zu ändern vermag. Schwarz entwickelt mühelos eine gefährliche Initiative.} (14.
Kd2 {Dautov} g5 15. Bh2 f5 16. gxf5 Nxf5 17. Be5 Rh6 18. f4 g4 19. Ng5 Bxg5 20.
fxg5 Qxg5 21. Bf4 $15 {Vaiser,A-Timoshchenko,G/Tashkent 1987}) 14... g5 15. Bh2
Qe7 16. Qc2 f5 $1 17. Be5 (17. gxf5 {Dautov} Nxf5 18. Qd2 Rf8 $36) 17... Rf8
$17 {[%cal Rf8f2,Rh4f2] 0-1 Onischuk,A-Lputian,S/Poikovsky 2001/CBM 84/[Dautov]
(30)}) 7... Bd6 $6 (7... Nf6 8. Ng3 Be6 (8... Bg6 9. h4 h5 10. Bd3 Bxd3 11.
Qxd3 g6 12. O-O-O Qa5 (12... Nbd7 13. e4 dxe4 14. Ngxe4 O-O 15. f3 Qa5 16. g4
$16 {Chehov-Timoschenko, USSR,1987}) 13. Kb1 Na6 14. f3 O-O-O 15. Nge2 Nc7 16.
Nc1 Qa6 17. Qc2 Kb8 18. Nd3 Rhf8 19. Ne5 Ng8 20. g4 $16 {1-0 Djurhuus,
R-Westerinen,H/Gausdal 1995/CBM 45 ext (28)}) 9. Bd3 g6 $1 10. O-O O-O 11. h3
Nbd7 $2 (11... Re8 $1 12. Bh6 Kh8 $1) 12. Bh6 Re8 13. f4 $14 {1-0 Bareev,
E-Georgiev,K/Pardubice 1994/CBM 42 (47)}) (7... Nd7 {the most flexible and
probably the best choice.} 8. h3 (8. f3 g5 9. Bg3 Ngf6 10. Bf2 Qb6 11. Qd2
O-O-O 12. Ng3 Bg6 13. Bd3 g4 14. Nf5 Bxf5 15. Bxf5 gxf3 16. gxf3 Ne8 $13 {
0-1 Hjartarson,J-Georgiev,K/Moscow 1990/TD (55)}) 8... Bg6 9. Bh2 (9. g4 h5 10.
Rg1 hxg4 11. hxg4 Ngf6 12. f3 Nb6 13. Ng3 Rh2 14. Be2 Bd6 15. Nf1 Rh3 16. Kf2
Qd7 17. Kg2 Rh7 $13 {1/2-1/2 Chekhov,V-Geller,E/Moscow 1989/CBM 14 (28)}) 9...
Qb6 10. Qd2 Ngf6 11. f3 h6 12. g4 Bh7 13. Bg2 O-O 14. O-O $13 {1-0 Bischoff,
K-Lutz,C/Altenkirchen 1999/CBM 74/[Donev] (39)}) 8. Qb3 (8. Ng3 Ne7 9. Bxd6
Qxd6 10. Qb3 Qc7 11. Rc1 Be6 12. Bd3 Nd7 13. O-O O-O 14. Qc2 g6 15. f3 Qd6 16.
Kh1 Rac8 $13 {1/2-1/2 Mohr,S-Abramovic,B/Berlin 1989/EXT 97 (44)}) (8. f3 $5 {
with an idea e3-e4 or g2-g4. Besides the move in the game, it also deserved
attention.} Bxf4 (8... Nf6 9. g4) 9. Nxf4 Qe7 10. Qd2 g5 11. Nd3 $14) 8... b6 (
8... Bxf4 {but} 9. Nxf4 (9. Qxb7 $6 {is dangerous:} Bd6 10. Qxa8 Qc7 (10... Qb6
11. Na4 Qa5+ 12. Nec3 $18) 11. Rc1 Nf6 12. Ng3 Bg6 13. a3 (13. Nb5 Qa5+ 14. Kd1
cxb5 15. Rc8+ Ke7 16. Rxh8 Qa4+ 17. b3 Qxa2 $19) 13... O-O 14. Nb5 Qa5+ 15. b4
Bxb4+ 16. axb4 Qxb4+ 17. Nc3 Qb2 $36) 9... Qb6 10. Qa3 $14 {allows White to
keep the advantage}) 9. f3 $6 {the moves Qb3 and f2-f3 don`t go very well
together.} (9. Bxd6 Qxd6 10. a4 $14 {[%cal Ya4a5] was preferrable.}) 9... Ne7 (
9... Nf6 10. O-O-O (10. g4 Bd3 11. O-O-O Bxe2 12. Nxe2 O-O 13. Kb1 Re8 $13)
10... O-O 11. g4 Be6 12. h4 $14) 10. e4 Be6 11. Qd1 ({I rejected} 11. e5 {
because after} Bc7 {followed by 12...0-0, and Black has quite a comfortable
position as it can choose between two plans of attacking white centre by c6-c5
and f7-f6.}) 11... O-O 12. Qd2 dxe4 (12... f6 $5 13. O-O-O) 13. fxe4 f5 $2 {
a positional mistake, after which black position becomes nearly losing!} (13...
Ng6 {[%csl Ge5] was correct:} 14. Bg3 (14. Be3 Nd7 {[%cal Yc6c5]}) 14... Bxg3+
15. Nxg3 c5 {and I prefer Black here.}) 14. Bxd6 Qxd6 15. e5 $16 {[%cal Ye2f4]}
Qd7 16. Nf4 {[%csl Rb8][%cal Gc3d5,Gf4d5] White has a large positional
advantage thanks to a strong centre and the control over the d5-square. The
knight on b8 doesn`t make black position look any better.} Kh8 17. Be2 Bg8 18.
h4 $1 {White has a nice choice here. Castling short was also possible,
followed by the play on the queenside but I wanted to attack the black king.}
Rd8 19. O-O-O Qe8 20. h5 $18 {Thanks to a strong centre white attack becomes
unstoppable.} Nd7 (20... h6 {was a little better:} 21. g4 {and White is close
to winning}) 21. Qe3 $6 (21. h6 $1 g6 22. e6 Nf6 23. Qe3 {and White wins:} Ned5
(23... Qf8 24. Qe5) 24. Ncxd5 cxd5 25. Qe5 Qe7 26. g4 fxg4 27. Rhf1 Rd6 28.
Nxg6+ hxg6 29. Rxf6 $18) 21... h6 22. g4 Nf8 (22... fxg4 23. Bxg4 Nd5 24. Ncxd5
Bxd5 25. Nxd5 cxd5 26. Kb1 $18) 23. g5 Kh7 {there is no other way to protect
h6.} 24. gxh6 gxh6 25. Rdg1 Ne6 26. Bd3 ({here White missed a nice win:} 26.
Ne4 $1 fxe4 27. Qxe4+ Kh8 28. Ng6+ Nxg6 29. hxg6 Kg7 (29... Qf8 30. g7+) 30.
Qh4 $18) 26... Ng5 {Black managed to block the g-file somehow.} (26... Nxd4 27.
Rg6 $1 Nxg6 28. hxg6+ Kg7 29. Ne6+ Bxe6 30. Qxh6+ Kg8 31. Qh8#) 27. Rxg5 (27.
Ng6 Qf7 (27... Nd5 28. Qf2 {[%csl Rf5]}) 28. Nxe7 Qxe7 29. Bxf5+ Kh8 30. Ne4
$18) 27... hxg5 28. Nh3 (28. Ng6 $5) 28... g4 29. Nf2 (29. Ne4 $1 Qf8 30. Nf6+
Kh8 31. Nf4 Bd5 (31... Kg7 32. Ng6 Qf7 33. h6+ Kxg6 34. h7) 32. Rh2 Qh6 (32...
Kg7 33. Ng6 Nxg6 34. hxg6 Kxg6 35. Qf4) 33. Ng6+ Kg7 34. Qxh6+ Kxh6 35. Nxe7
Kg5 36. Nxf5 $18) 29... Be6 30. Nxg4 Ng8 (30... Qf8 31. Nf6+ Kh8 32. Rg1 $18)
31. Ne4 {Finally White makes the move which was right on the 23rd and 29th
move but this time it`s by far not as strong as before!} (31. Nf6+ Nxf6 32.
exf6 Bd7 (32... Qf7 33. Ne4) 33. Ne4 $1 Qf8 (33... fxe4 34. Bxe4+ Kg8 35. Qg5+)
34. Rg1 $18) 31... Kh8 32. Ngf6 $2 {With my last moves I complicated the issue
enough but this new mistake could become a final one.} ({There was still a win
for White after} 32. Nef6 $1 {in the practical game it`s hard to understand
the difference between the two knight moves.} Qf8 33. Nxg8 Bxg8 (33... fxg4 34.
Rf1 $1 Qg7 35. Rf6 $18) (33... Qxg8 34. Qh6+ Qh7 35. Qxe6) 34. Nf6 Bxa2 35. Rg1
Rxd4 $5 {an interesting try but it doesn`t work:} (35... c5 36. Rg6) 36. Qxd4
Rd8 37. Qf4 Rxd3 (37... Qc5+ 38. Kd2) 38. b4 $3 {[%csl Gc5] covering the
c5-square White develops a decisive attack} Bf7 39. e6 $1 Bxe6 40. Rg6 {
[%cal Rf4e5,Re5h8] and there is no defence against 41.Qe5}) 32... Qf8 33. Ng5 (
33. Nxg8 $2 fxe4) 33... Bxa2 34. Nxg8 Bxg8 (34... Qxg8 35. e6 $18) 35. h6 (35.
Rf1 $5) 35... c5 36. h7 (36. e6 Qf6 37. h7 Bxe6 38. Nxe6 cxd4 39. Qh6 Qxh6+ 40.
Rxh6 Rd6 41. Bxf5 Re8 $14 {/\42...d3}) 36... Bd5 37. e6 Bxh1 38. Nf7+ Kxh7 $4 {
A big mistake in the time trouble.} (38... Qxf7 39. exf7 Be4 $8 40. Bxe4 (40.
Bb5 Kxh7 41. Be8 Rxe8 42. fxe8=Q Rxe8) 40... fxe4 $11) 39. Qh3+ 1-0

[Event "Seville op 39th"]
[Site "Seville"]
[Date "2014.01.15"]
[Round "6"]
[White "Turov, Maxim"]
[Black "Teran Alvarez, Ismael"]
[Result "1-0"]
[WhiteElo "2586"]
[BlackElo "2412"]
[Annotator "Montecatine,R"]
[PlyCount "57"]
[EventDate "2014.01.10"]
[EventType "swiss"]
[EventRounds "9"]
[EventCountry "ESP"]
[SourceTitle "CBM 158 Extra"]
[Source "ChessBase"]
[SourceDate "2014.02.28"]
[SourceVersion "1"]
[SourceVersionDate "2014.02.28"]
[SourceQuality "1"]

{Ismael se había preparado la apertura. Su rival se la sabía también, así
que la teoría llegó hasta la 21 y Turov introdujo una novedad teórica
importante que decidió la partida y que pone en cuestión la valoración de
esta línea de la variante.} 1. d4 d5 2. c4 e6 3. Nc3 c6 4. e4 dxe4 5. Nxe4
Bb4+ 6. Bd2 Qxd4 7. Bxb4 Qxe4+ 8. Ne2 Na6 9. Bf8 Ne7 10. Bxg7 Nb4 11. Qd6 (11.
Bxh8 Nd3+ 12. Kd2 Nxf2 13. Qc2 Qxc2+ 14. Kxc2 Nxh1 15. Bd4 Nf5 16. Bg1 e5 17.
g3 Nd6 18. Nc3 (18. Bg2 Bf5+ 19. Kb3 Be4) 18... Bf5+ 19. Kb3 Kd7 20. Re1 (20.
Bg2 Nxg3 21. hxg3 Be6 22. Bf1 b5 23. Bc5) 20... f6 21. Bc5 $18) 11... Nc2+ 12.
Kd2 Nxa1 13. Bxh8 e5 14. f3 (14. Qd3 Qxd3+ 15. Kxd3 Bf5+ $11) 14... Qc2+ 15.
Ke1 Be6 16. Bf6 Ng6 17. h4 Qf5 18. Bg5 h6 19. Bxh6 Rd8 20. Qc5 Qb1+ 21. Kf2 Nc2
22. Bg5 {Diagrama [#] Tras la partida Ismael comprobó que esto es novedad
teórica} Qe1+ ({tras} 22... f6 23. h5 $1 ({si} 23. Bxf6 Qe1+ (23... Rd2) 24.
Kg1 Nd4 25. Nxd4 Qe3+ 26. Kh2 Rxd4 $11) 23... Qe1+ 24. Kg1 Rd1 25. Qf2 Bxc4 26.
Qxe1 Rxe1 27. Ng3 Bxf1 28. Nxf1 fxg5 29. hxg6 Kf8 30. Kf2 Rb1 31. Rh8+ Kg7 32.
Rh7+ Kxg6 33. Rxb7 $14) 23. Kg1 Rd1 $2 (23... f6 24. Bxf6 Nd4 $11) 24. Kh2 $18
Kd7 25. Qxa7 Kc8 26. Nc3 Rd4 27. Ne4 f5 28. Bd3 Qb4 29. Nc5 {Conclusión:
psicológicamente no es lo mismo preparar una variante y luego jugar mal y
perder, que te hagan una importante novedad y pierdas.} 1-0

[Event "USA-ch"]
[Site "Saint Louis"]
[Date "2017.04.04"]
[Round "6"]
[White "So, Wesley"]
[Black "Akobian, Varuzhan"]
[Result "1/2-1/2"]
[WhiteElo "2822"]
[BlackElo "2645"]
[Annotator "Moradiabadi,E"]
[PlyCount "90"]
[EventDate "2017.03.29"]
[EventType "tourn"]
[EventRounds "11"]
[EventCountry "USA"]
[EventCategory "18"]
[SourceTitle "CBM 178"]
[Source "ChessBase"]
[SourceDate "2017.05.14"]
[SourceVersion "1"]
[SourceVersionDate "2017.05.14"]
[SourceQuality "1"]

1. c4 e6 2. Nc3 d5 3. d4 Be7 4. cxd5 exd5 5. Bf4 c6 6. e3 Bf5 7. g4 Be6 8. h4
Nd7 9. g5 h6 10. g6 fxg6 11. Bd3 Nf8 12. Nf3 Bg4 $1 (12... Bf5 13. Ne5 Nf6 14.
Rg1 Ne4 15. Bxe4 Bxe4 16. Nxe4 dxe4 17. Qb3 $16 {1-0 (40) Caruana,F (2736)
-Melkumyan,H (2620) Moscow 2012}) 13. Rg1 Nf6 14. Rg3 $2 (14. Qc2 $145 $1 Bxf3
15. Bxg6+ Nxg6 16. Qxg6+ Kd7 17. Qf5+ Ke8 $11) 14... g5 15. hxg5 hxg5 16. Bxg5
Rh1+ 17. Bf1 Qc8 18. Qb3 $6 {312 Akobian had uncorked a very important novelty
early on in this game. Here, he could have played two very important move
which would have earned him the brilliancy prize of the year (I doubt such a
prize still exists but we would have given one to 'Var' had he found it!).} (
18. Bxf6 $142 gxf6 19. Qb3 Bd6 20. Rxg4 Qxg4 21. Qxb7 Qc8 $17) 18... N8h7 {
In extreme time pressure, Akobian did not find the winning continuation
despite spending sixteen minutes trying to find the idea. I think he believed
deep down that his position is winning but he was unable to fully realize the
potential of the maneuver Qf5-d3.} ({The winning maneuver would have been} 
18... Bd6 $1 19. Ne5 Bxe5 20. dxe5 {[#]} Qf5 $3 21. Qxb7 (21. f3 N6d7 22. O-O-O
Qxg5 23. fxg4 O-O-O {and Black would win all of the White's pawn in the center!
}) (21. e4 Nxe4 {And Black is winning.}) 21... Qd3 22. Qxc6+ Kf7 {and mate
follows.}) 19. Bxf6 gxf6 20. O-O-O Bd6 21. Rxg4 Qxg4 22. Qxb7 Rc8 23. Qa6 (23.
Bd3 $11) 23... Rc7 24. Be2 Rxd1+ 25. Kxd1 Qf5 26. Nd2 (26. a3 $142) 26... Ng5
27. f4 Nh3 28. Bf3 Bb4 $17 29. Nxd5 cxd5 30. Qb5+ Kf7 31. Qxb4 Qd3 $2 (31...
Qc2+ $145 32. Ke1 Qc1+ 33. Ke2 Kg7 34. Bxd5 Ng1+ 35. Kf2 a5 36. Qxa5 Rc2 $19) (
31... Ng1 $145 $19) 32. Bxd5+ $11 Kg7 33. Qb3 Nf2+ 34. Ke1 Rc1+ 35. Kxf2 Qxd2+
36. Kf3 Re1 37. Bc4 Qh2 38. Qb7+ Kh6 39. Qe7 Qh1+ 40. Kf2 {[%emt 0:00:24]} Qh4+
41. Kf3 {[%emt 0:00:30]} Qh1+ 42. Kf2 Qh4+ {[%emt 0:00:30]} 43. Kf3 {[%emt 0:
00:03]} Qh3+ {[%emt 0:00:50]} 44. Kf2 Qh4+ 45. Kf3 Qh3+ 1/2-1/2

[Event "Moscow op"]
[Site "Moscow"]
[Date "1994.??.??"]
[Round "3"]
[White "Moskalenko, Viktor"]
[Black "Doroshkievich, Vladimir K"]
[Result "1-0"]
[WhiteElo "2520"]
[BlackElo "2400"]
[Annotator "Moskalenko,V"]
[PlyCount "45"]
[EventDate "1994.??.??"]
[EventType "swiss"]
[EventRounds "9"]
[EventCountry "RUS"]
[SourceTitle "CBM 044"]
[Source "ChessBase"]
[SourceDate "1995.02.01"]
[SourceVersion "1"]
[SourceVersionDate "1995.02.01"]
[SourceQuality "1"]

1. d4 d5 2. c4 e6 3. Nc3 Be7 4. cxd5 exd5 5. Bf4 c6 6. e3 Bf5 7. Nge2 Bg6 $5 {
N/} 8. g4 {/\8...h5 9.Bb8 Rb8 10.Nf4+/=/} Nf6 (8... Qb6 9. Qd2 h5 10. g5 h4 11.
Nc1 $16) 9. f3 Nbd7 10. h4 h6 (10... h5 11. g5 Nh7 12. Bh3 $14) 11. Ng3 Qb6 12.
Qd2 (12. Rh2 $5) 12... O-O-O $2 (12... a5 $32 13. Bh3 $5 {/\g5|^/}) 13. g5 hxg5
14. hxg5 Rxh1 15. Nxh1 Nh5 16. Nxd5 $18 cxd5 17. Rc1+ Bc5 18. dxc5 Qe6 (18...
Qc6 19. Bd6) 19. c6 Ne5 (19... Nxf4 20. cxd7+ Kb8 (20... Kxd7 21. Bb5+ Ke7 22.
Qb4+ $18) 21. Qc3 $1) 20. cxb7+ Kxb7 21. Qa5 Nc4 22. Qc7+ Ka6 23. Rxc4 1-0

[Event "Pamplona 9596 6th"]
[Site "Pamplona"]
[Date "1996.??.??"]
[Round "?"]
[White "Shulman, Yuri"]
[Black "San Segundo Carrillo, Pablo"]
[Result "1-0"]
[WhiteElo "2540"]
[BlackElo "2520"]
[Annotator "Mowsziszian,K"]
[PlyCount "99"]
[EventDate "1995.12.??"]
[EventType "tourn"]
[EventRounds "9"]
[EventCountry "ESP"]
[EventCategory "13"]
[SourceTitle "CBM 052"]
[Source "ChessBase"]
[SourceDate "1996.06.01"]
[SourceVersion "1"]
[SourceVersionDate "1996.06.01"]
[SourceQuality "1"]

1. d4 d5 2. c4 e6 3. Nc3 c6 4. Nf3 dxc4 5. a4 Bb4 6. e3 b5 7. Bd2 a5 8. axb5
Bxc3 9. Bxc3 cxb5 10. b3 Bb7 11. d5 Nf6 12. bxc4 b4 13. Bxf6 Qxf6 14. Qa4+ Nd7
15. Nd4 e5 16. Nb3 Ke7 17. Be2 Qd6 18. f4 $146 (18. O-O Nc5 19. Nxc5 (19. Qb5
Nxb3 20. Qxb7+ Kf6 $1 {/\ Rhb8} (20... Qd7 $2 21. d6+ $1)) 19... Qxc5 20. Rfd1
Kd6 {/\ Bc8-d7}) (18. Bg4 Nb6 $1 19. c5 $1 Qxd5 20. cxb6 Bc6 21. Qa2 Qxg2 22.
Rf1 Qxg4 {0-1 Rogers,I-Krasenkov,M/Hastings9394 (04) ;CBM 39 1993 (28)}) 18...
Rhc8 (18... exf4 $5 19. e4 $13) 19. O-O Nc5 20. Nxc5 Rxc5 21. Rad1 e4 22. Qa1
Kf8 (22... f6 23. Qd4 g6 24. Qxe4+ Kf8 25. Qe5 $1 $16) 23. Qe5 Qxe5 24. fxe5
Kg8 25. Rf4 b3 (25... a4 $5 26. Rdf1 a3 27. Rxf7 Bxd5 28. cxd5 a2 29. Bg4 a1=Q
30. Be6 Qxf1+ 31. Kxf1 $13) 26. Rdf1 b2 (26... a4 27. Rxf7 Ba6 28. e6 $18) 27.
Rb1 $1 Bxd5 28. cxd5 Rc2 29. Bf1 a4 30. Rf2 Rxf2 31. Kxf2 a3 32. Bc4 a2 33.
Bxa2 Rxa2 34. Kg3 g5 35. d6 h5 36. d7 Ra8 37. Rxb2 Kf8 38. Rd2 Ke7 39. h4 $1
$18 gxh4+ 40. Kxh4 Kd8 41. Kg5 Ra6 42. Kf4 Rg6 43. Kxe4 Rg4+ 44. Kf5 Rg6 45.
Rd4 Rxg2 46. Kf6 Rf2+ 47. Rf4 Rd2 48. Kxf7 Rxd7+ 49. Kf8 Rh7 50. Rd4+ 1-0

[Event "RUS-ch"]
[Site "Elista"]
[Date "1995.??.??"]
[Round "3"]
[White "Yakovich, Yuri"]
[Black "Geller, Efim P"]
[Result "1-0"]
[WhiteElo "2560"]
[BlackElo "2465"]
[Annotator "Nikitin,A"]
[PlyCount "45"]
[EventDate "1995.10.??"]
[EventType "swiss"]
[EventRounds "11"]
[EventCountry "RUS"]
[SourceTitle "CBM 050"]
[Source "ChessBase"]
[SourceDate "1996.02.01"]
[SourceVersion "1"]
[SourceVersionDate "1996.02.01"]
[SourceQuality "1"]

1. d4 d5 2. c4 e6 3. Nc3 Be7 4. cxd5 exd5 5. Bf4 c6 6. Qc2 g6 7. e3 Bf5 8. Qd2
Nd7 9. f3 g5 10. Bg3 h5 11. e4 dxe4 $2 (11... h4 12. Bf2 Be6 13. Bd3 Nb6 14.
Nge2 {Semkov,S-Geller,E/Plovdiv/1988/1-0/} Qd7 $5 $13) 12. fxe4 Bg6 13. Bd3 (
13. O-O-O Ngf6 14. d5 cxd5 15. exd5 Bb4 16. Re1+ Kf8 17. Qd4 Bxc3 18. bxc3 Qa5
$132) 13... h4 14. Bf2 Nf8 $2 (14... Qa5 15. Nge2 Ngf6 16. O-O-O $14) 15. O-O-O
Qa5 16. Nf3 Bh5 17. d5 $1 $16 h3 18. Bd4 $1 Rh6 19. Rhg1 hxg2 20. Be2 Ng6 21.
Rxg2 Nf4 22. Qxf4 $1 gxf4 23. Rxg8+ $138 {T; 23...Bf8 24.Bg7 0-0-0 25.Rf8+-/} (
23. Rxg8+ Bf8 24. Bg7 O-O-O 25. Bxf8 $18) 1-0

[Event "Chigorin Memorial"]
[Site "St Petersburg"]
[Date "1995.??.??"]
[Round "8"]
[White "Burmakin, Vladimir"]
[Black "Tregubov, Pavel V"]
[Result "1/2-1/2"]
[WhiteElo "2500"]
[BlackElo "2490"]
[Annotator "Nikitin,A"]
[PlyCount "68"]
[EventDate "1995.09.??"]
[EventType "swiss"]
[EventRounds "9"]
[EventCountry "RUS"]
[SourceTitle "EXT 1997"]
[Source "ChessBase"]
[SourceDate "1996.11.15"]
[SourceVersion "1"]
[SourceVersionDate "1996.11.15"]
[SourceQuality "1"]

1. d4 d5 2. c4 c6 3. Nf3 e6 4. Nc3 dxc4 5. e3 b5 6. a4 Bb4 7. Bd2 a5 8. axb5
Bxc3 9. Bxc3 cxb5 10. b3 Bb7 11. bxc4 (11. d5 Nf6 12. bxc4 b4 13. Bxf6 Qxf6 14.
Qa4+) 11... b4 12. Bb2 Nf6 13. Bd3 (13. c5 Qc7 14. Ne5) 13... Nbd7 14. O-O Qc7
15. c5 (15. Nd2 e5 16. Re1 O-O 17. Nf1 Rfe8 $13) (15. Re1 O-O 16. c5 Ne4 17.
Qc2 f5 $13) 15... O-O (15... Ne4 $5 16. Qc2 f5) 16. Qc2 {N/} h6 17. e4 Ba6 18.
Bxa6 Rxa6 19. Rfc1 Rc8 20. Nd2 e5 $1 21. Qd3 (21. dxe5 Ng4 $15) 21... Rc6 22.
Nb3 exd4 23. Bxd4 Ra8 24. Qb5 (24. Rc4 Ne5 25. Bxe5 Qxe5 26. Rxb4 Qxa1+ 27.
Nxa1 axb4 28. Nb3 Rxc5 29. Nxc5 Ra1+ 30. Qf1 Rxf1+ 31. Kxf1 b3 32. Nxb3 Nxe4
$10) 24... Nxe4 25. Rxa5 Rb8 26. Qd3 $14 Nc3 27. Re1 (27. Bxc3 $2 bxc3 28. Rxc3
Rxb3 29. Rxb3 Qxa5 30. Qxd7 Qe1#) 27... Nf8 $8 28. Be5 Re6 29. f4 Qd7 30. Qg3
Rg6 31. Qf2 (31. Qf3 Re8 32. Bxc3 bxc3 33. Rxe8 (33. Qxc3 $2 Qd5 $1 34. g3
Rxe1+ 35. Qxe1 Qxb3 $19) 33... Qxe8 34. Ra1 Qb8 35. Qxc3 Qxf4 36. Rc1 Qe4 37.
g3 Ne6 38. Re1 Qc6 $132) 31... Re8 32. Nd4 Qd5 $1 33. Nf3 Rge6 34. Raa1 f6 {
35.Bc3 bc3 36.Red1 Qc4 37.Qd4=/} 1/2-1/2

[Event "Chigorin Memorial"]
[Site "St Petersburg"]
[Date "1995.??.??"]
[Round "2"]
[White "Kozlov, Oleg"]
[Black "Burmakin, Vladimir"]
[Result "1/2-1/2"]
[WhiteElo "2390"]
[BlackElo "2500"]
[Annotator "Nikitin,A"]
[PlyCount "73"]
[EventDate "1995.09.??"]
[EventType "swiss"]
[EventRounds "9"]
[EventCountry "RUS"]
[SourceTitle "EXT 1997"]
[Source "ChessBase"]
[SourceDate "1996.11.15"]
[SourceVersion "1"]
[SourceVersionDate "1996.11.15"]
[SourceQuality "1"]

1. d4 d5 2. Nf3 c6 3. c4 e6 4. Nc3 dxc4 5. a4 Bb4 6. e3 b5 7. Bd2 (7. Ne5 Nf6
8. Bd2 Bb7 9. Qf3 Qe7 10. Qg3 O-O 11. Be2 Bxc3 12. bxc3 Ne4 $17 {Vas,
P-Burmakin,V/Szeged/1993/0-1/32/}) 7... a5 8. Ne5 Nf6 (8... Bb7 9. Qg4 Kf8 10.
Be2 Nf6 11. Qh3 Nbd7 12. f4 Bxc3 13. Bxc3 Ne4 14. O-O $13) 9. Qf3 Ra7 $5 (9...
Bxc3 10. Bxc3 $1 (10. bxc3 Qd5 11. Qg3 O-O 12. f3 Ne8 13. e4 Qd8 14. Be2 f6 15.
Ng4 Nd7 16. Rb1 Ba6 17. Ne3 Nb6 $15 {Paentz,T-Flear,G/Mondorf/1991/1-0/35/})
10... Qd5 11. axb5 cxb5 12. Rxa5 Rxa5 13. Bxa5 Qxf3 14. gxf3 $14) 10. Nxc6 Nxc6
11. Qxc6+ Bd7 12. Qf3 bxa4 13. Bxc4 (13. Be2 $6 O-O 14. Bd1 Qe8 15. O-O e5 16.
Bc2 Bc6 17. Qh3 e4 18. f3 a3 $1 $17 {Hillarp,P-San Segundo,P/Saragosa/1995/0-1/
41/}) 13... a3 $1 14. bxa3 $1 Bxc3 15. Bxc3 Qc8 16. Qe2 Rc7 (16... Ne4 17. Rc1
O-O 18. O-O Nxc3 19. Rxc3 Bb5 20. Rfc1 Rc7 21. Qc2 $16) 17. Ba6 $8 Qa8 $1 18.
Bd2 Qxg2 19. Qf1 Qc6 $2 (19... Qd5 $1 20. Rg1 g6 21. Qg2 Ne4 22. Bd3 f5 $17)
20. Bd3 Qd5 21. Rg1 g6 (21... O-O 22. Qg2 Qxg2 23. Rxg2 $13) 22. h4 Ne4 23. Qg2
f5 $1 $15 24. h5 $1 Rg8 25. Bxe4 fxe4 26. Qh2 Rc2 27. hxg6 Rxg6 28. Rxg6 hxg6
29. Qh8+ Ke7 30. Qh7+ Kf6 31. Qh8+ Kg5 32. Qd8+ (32. f4+ Kg4 33. Qh6 Qh5 34.
Qxh5+ gxh5 35. Rb1 Kf3 $17) 32... Kg4 33. Rc1 Qh5 $1 (33... Rxc1+ 34. Bxc1 Qc4
35. Qxd7 Qxc1+ 36. Ke2 Qc2+ 37. Ke1 Kf3 38. Qf7+) 34. Qxd7 (34. Rxc2 $4 Qh1+
35. Ke2 Bb5+ $19) 34... Qh1+ 35. Ke2 Qf3+ 36. Ke1 Qh1+ 37. Ke2 1/2-1/2